000 00582nam a22001937a 4500
003 OSt
005 20251010010549.0
008 251010b |||||||| |||| 00| 0 eng d
020 _a9789719919759
040 _aDWCL-Main lib
_cOC
082 _2Fil. 657.3 V173f 2015
100 _aConrado T. Valix
245 _aFinancial accounting,
_bvolume 2
260 _aManila :
_bGIC Enterprises,
_cc2015.
300 _a1137 pages :
_c22 cm.
650 _21. Accounting--Examinations, questions, etc.
650 _22. Accounting--Problems, exercises, etc.
942 _2ddc
_cBK - FIL
_kFil.
_n0
999 _c4785
_d4785